| 000 | 00975nam a2200301 a 4500 | ||
|---|---|---|---|
| 001 | 971967 | ||
| 003 | OSt | ||
| 005 | 20160630154806.0 | ||
| 008 | 850402s1985 mauac b 001 0 eng | ||
| 010 | _a 85050865 | ||
| 020 | _a0316043508 | ||
| 040 |
_aDLC _cDLC _dDLC |
||
| 082 | 0 | 0 |
_aWA 310 _bA86p |
| 245 | 0 | 0 |
_aParental influences : _bin health and disease / _cedited by E. James Anthony, George H. Pollock. |
| 250 | _a1st ed. | ||
| 260 |
_aBoston : _bLittle, Brown, _c1985. |
||
| 300 |
_ax, 531 p. : _bill., ports. ; _c25 cm. |
||
| 504 | _aIncludes bibliographies and index. | ||
| 650 | 0 |
_aParental influences. _99821 |
|
| 650 | 0 |
_aChild psychopathology. _99822 |
|
| 650 | 0 |
_aParents _xMental health. _99823 |
|
| 650 | 0 |
_aAbusive parents. _99824 |
|
| 700 | 1 |
_aAnthony, E. James _q(Elwyn James), _d1916- _99825 |
|
| 700 | 1 |
_aPollock, George H. _99826 |
|
| 906 |
_a7 _bcbc _corignew _d2 _eocip _f19 _gy-gencatlg |
||
| 942 |
_2z _cO_SHELF |
||
| 999 |
_c4579 _d4579 |
||